<?xml version="1.0" encoding="UTF-8"?>
<marc:record xmlns:marc="http://www.loc.gov/MARC21/slim">
   <marc:leader>00000nam a2200000 a 4500</marc:leader>
   <marc:datafield ind1="1" ind2=" " tag="100">
      <marc:subfield code="a">Kumpfmiller, Wilhelm</marc:subfield>
      <marc:subfield code="4">aut</marc:subfield>
      <marc:subfield code="e">Verfasser/-in</marc:subfield>
   </marc:datafield>
   <marc:datafield ind1="1" ind2=" " tag="100">
      <marc:subfield code="a">Gerstaker, Friedrich</marc:subfield>
   </marc:datafield>
   <marc:datafield ind1=" " ind2=" " tag="653">
      <marc:subfield code="a">g||Süddeutschland</marc:subfield>
   </marc:datafield>
   <marc:datafield ind1=" " ind2=" " tag="653">
      <marc:subfield code="a">Karte</marc:subfield>
   </marc:datafield>
   <marc:datafield ind1=" " ind2=" " tag="653">
      <marc:subfield code="a">Verwaltungsgrenze</marc:subfield>
   </marc:datafield>
   <marc:datafield ind1=" " ind2=" " tag="653">
      <marc:subfield code="a">Kirche</marc:subfield>
   </marc:datafield>
   <marc:datafield ind1=" " ind2=" " tag="653">
      <marc:subfield code="a">Mitteleuropa &lt;Süd&gt;</marc:subfield>
   </marc:datafield>
   <marc:datafield ind1="0" ind2="0" tag="245">
      <marc:subfield code="a">Uebersichts-Karte der gesammten kirchlichen Amts-Eintheilung von Süd-Deutschland : mit gleicher Berücksichtigung der katholischen und protestantischen Confession, sowie der Haupt-Aemter des Israelitischen Kultus ;</marc:subfield>
   </marc:datafield>
   <marc:datafield ind1="0" ind2="0" tag="245">
      <marc:subfield code="b">enthaltend die Abgrenzung der Erz- und Bisthümer einerseits, der Ober- und Consistorialbezirke andererseits, mit Angabe ihrer sämmtlichen Dekanate, Klöster, Wallfahrten, Universitäten ... versehen mit General-Uebersichts-Karten und confessionell statistis</marc:subfield>
   </marc:datafield>
   <marc:datafield ind1="0" ind2="0" tag="245">
      <marc:subfield code="c">nach den neuesten offiziellen Mittheilungen entworfen von M. Wilhelm Kumpfmiller. Unter Leitung und Mitwirkung des Verf. gezeichn. und in Kupfer gestochen von Friedrich Gerstaker</marc:subfield>
   </marc:datafield>
   <marc:datafield ind1=" " ind2="1" tag="264">
      <marc:subfield code="a">München</marc:subfield>
      <marc:subfield code="b">Selbstverl.</marc:subfield>
      <marc:subfield code="c">1857</marc:subfield>
   </marc:datafield>
   <marc:datafield ind1=" " ind2=" " tag="250">
      <marc:subfield code="a">Ausg. für Katholiken</marc:subfield>
   </marc:datafield>
   <marc:datafield ind1=" " ind2=" " tag="500">
      <marc:subfield code="a">NST: Kumpfmiller's Kirchen-Karte von Süd-Deutschland. Mit 1 Nebenkt.: Ausbreitung der katholischen und protestantischen Religion in Deutschland</marc:subfield>
   </marc:datafield>
   <marc:datafield ind1=" " ind2=" " tag="300">
      <marc:subfield code="a">1 Kt. auf 4 Bl. : Kupferstich; Gesamtgr. 84 x 65 cm</marc:subfield>
   </marc:datafield>
</marc:record>
